[Event "Speed Chess (Women) Play In 1"]
[Site "Chess.com INT"]
[Date "2024.08.12"]
[Round "10"]
[White "Hernandez Bonilla, Amelia"]
[Black "Flores Mirabal, Nancy"]
[Result "1-0"]
[WhiteElo "1976"]
[BlackElo "1974"]
[PlyCount "69"]
[EventDate "2024.08.12"]
[EventType "swiss (blitz)"]
[EventRounds "11"]
[EventCountry "USA"]
[SourceTitle "CBM 221 Extra"]
[Source "ChessBase"]
[SourceDate "2024.09.30"]
[SourceVersion "1"]
[SourceVersionDate "2024.09.30"]
[SourceQuality "1"]

1. d4 Nf6 2. Bf4 g6 3. Nc3 d5 4. e3 Bg7 5. Nf3 0-0 6. Nb5 c5 7. Nc7 Na6 8. Nxa8 Bg4 9. Bxa6 bxa6 10. Nc7 cxd4 11. exd4 Nh5 12. Qd2 Bxf3 13. gxf3 Qb8 14. Nxd5 Qxb2 15. 0-0 e6 16. Rfb1 Qa3 17. Rb3 Qa4 18. Nc3 Qc6 19. Be3 Qxf3 20. Qe2 Qh3 21. Qf1 Qh4 22. Rd1 e5 23. d5 e4 24. Qg2 f5 25. Bg5 Qg4 26. Qxg4 fxg4 27. Nxe4 h6 28. Be7 Re8 29. d6 Nf4 30. d7 Rxe7 31. d8Q+ Bf8 32. Rb8 Rf7 33. Rd7 Nh3+ 34. Kf1 Rf4 35. Nf6+ 1-0

[Event "Speed Chess (Women) Play In 1"]
[Site "Chess.com INT"]
[Date "2024.08.12"]
[Round "6"]
[White "Hernandez Bonilla, Amelia"]
[Black "Sherali, Pattnaik"]
[Result "0-1"]
[WhiteElo "1976"]
[BlackElo "2029"]
[PlyCount "38"]
[EventDate "2024.08.12"]
[EventType "swiss (blitz)"]
[EventRounds "11"]
[EventCountry "USA"]
[SourceTitle "CBM 221 Extra"]
[Source "ChessBase"]
[SourceDate "2024.09.30"]
[SourceVersion "1"]
[SourceVersionDate "2024.09.30"]
[SourceQuality "1"]

1. d4 d5 2. Nf3 Nf6 3. e3 c5 4. c3 Nc6 5. Bd3 Bg4 6. Nbd2 cxd4 7. exd4 e6 8. 0-0 Bd6 9. Re1 0-0 10. h3 Bh5 11. Qa4 Rc8 12. Ne5 Bxe5 13. dxe5 Nd7 14. f4 Nc5 15. Qc2 Nxd3 16. Qxd3 Bg6 17. Qe2 d4 18. cxd4 Nxd4 19. Qf2 Nc2 0-1

[Event "Speed Chess (Women) Play In 1"]
[Site "Chess.com INT"]
[Date "2024.08.12"]
[Round "5"]
[White "Lozano, Arvie"]
[Black "Hernandez Bonilla, Amelia"]
[Result "1-0"]
[WhiteElo "1933"]
[BlackElo "1976"]
[PlyCount "105"]
[EventDate "2024.08.12"]
[EventType "swiss (blitz)"]
[EventRounds "11"]
[EventCountry "USA"]
[SourceTitle "CBM 221 Extra"]
[Source "ChessBase"]
[SourceDate "2024.09.30"]
[SourceVersion "1"]
[SourceVersionDate "2024.09.30"]
[SourceQuality "1"]

1. Nf3 c5 2. g3 d5 3. Bg2 Nf6 4. 0-0 e6 5. d3 Be7 6. Nbd2 0-0 7. e4 Nc6 8. e5 Nd7 9. Qe2 Qc7 10. Re1 b5 11. Nf1 Bb7 12. Bf4 d4 13. N1d2 Nb6 14. Ne4 Nd5 15. Nfg5 h6 16. Qh5 Nxe5 17. Nxe6 Nxf4 18. Nxc7 Nxh5 19. Nxa8 Bxa8 20. Nxc5 Bd6 21. Ne4 Bc7 22. Re2 f5 23. Nc5 Nf3+ 24. Bxf3 Bxf3 25. Ree1 Nf6 26. Ne6 Rc8 27. Nxc7 Rxc7 28. Rac1 Kf7 29. Re5 Bd5 30. Rxf5 g6 31. Rf4 a5 32. Rxd4 a4 33. c4 bxc4 34. dxc4 Be6 35. b3 axb3 36. axb3 Nd7 37. Re1 Bf5 38. g4 Bc2 39. Re3 g5 40. Rd2 Bg6 41. Rd6 Nc5 42. b4 Nd7 43. c5 Nf6 44. Ree6 Ne4 45. Rxg6 Nxd6 46. Rxd6 Rb7 47. Rb6 Rd7 48. c6 Rd1+ 49. Kg2 Rc1 50. Rb7+ Ke6 51. b5 Kd6 52. c7 Kd7 53. Rb6 1-0

[Event "Swiss Queens Wed #28"]
[Site "FIDE Online Arena INT"]
[Date "2024.08.07"]
[Round "2"]
[White "Jimenez Salas, Maria Teresa"]
[Black "Hernandez Bonilla, Amelia"]
[Result "1-0"]
[WhiteElo "1987"]
[BlackElo "1976"]
[PlyCount "45"]
[EventDate "2024.08.07"]
[EventType "swiss (blitz)"]
[EventRounds "11"]
[EventCountry "NET"]
[SourceTitle "CBM 221 Extra"]
[Source "ChessBase"]
[SourceDate "2024.09.30"]
[SourceVersion "1"]
[SourceVersionDate "2024.09.30"]
[SourceQuality "1"]

1. e4 c5 2. Nf3 d6 3. d4 cxd4 4. Nxd4 Nf6 5. f3 Nc6 6. c4 e6 7. Nc3 Be7 8. Be3 0-0 9. Qd2 a6 10. Be2 Qc7 11. 0-0 Rb8 12. Rac1 Bd7 13. Nd5 exd5 14. cxd5 Qd8 15. dxc6 bxc6 16. Nxc6 Bxc6 17. Rxc6 a5 18. Rfc1 Nd7 19. f4 Re8 20. Bf3 Nc5 21. e5 dxe5 22. Qxd8 Rexd8 23. Bxc5 1-0

[Event "Swiss Queens Wed #28"]
[Site "FIDE Online Arena INT"]
[Date "2024.08.07"]
[Round "10"]
[White "Preobrazhenskaya, Diana"]
[Black "Hernandez Bonilla, Amelia"]
[Result "1-0"]
[WhiteElo "2025"]
[BlackElo "1976"]
[PlyCount "37"]
[EventDate "2024.08.07"]
[EventType "swiss (blitz)"]
[EventRounds "11"]
[EventCountry "NET"]
[SourceTitle "CBM 221 Extra"]
[Source "ChessBase"]
[SourceDate "2024.09.30"]
[SourceVersion "1"]
[SourceVersionDate "2024.09.30"]
[SourceQuality "1"]

1. e4 c5 2. Nf3 d6 3. d4 cxd4 4. Nxd4 Nf6 5. Nc3 Nc6 6. Bg5 e6 7. Qd3 Be7 8. 0-0-0 a6 9. f4 Qc7 10. Qg3 0-0 11. Be2 Nxd4 12. Rxd4 b5 13. e5 Ne8 14. Ne4 d5 15. Nf6+ Kh8 16. Qh4 Bxf6 17. exf6 g6 18. Rd3 e5 19. g4 1-0

[Event "Titled Tuesday intern op 06th Aug Late"]
[Site "Chess.com INT"]
[Date "2024.08.06"]
[Round "5"]
[White "Hernandez Bonilla, Amelia"]
[Black "Fieberg, Samuel"]
[Result "1-0"]
[WhiteElo "1976"]
[BlackElo "2186"]
[PlyCount "91"]
[EventDate "2024.08.06"]
[EventType "swiss (blitz)"]
[EventRounds "11"]
[EventCountry "USA"]
[SourceTitle "EXT 2025"]
[Source "ChessBase"]
[SourceDate "2024.10.14"]
[SourceVersion "1"]
[SourceVersionDate "2024.10.14"]
[SourceQuality "1"]

1. d4 Nh6 2. e4 Ng8 3. Nf3 e6 4. Bd3 d5 5. Nbd2 dxe4 6. Nxe4 Bd7 7. 0-0 Bc6 8. Qe2 Nd7 9. Re1 Be7 10. Bf4 Bxe4 11. Bxe4 c6 12. Rad1 Ngf6 13. Bd3 0-0 14. c4 Qa5 15. a3 Qh5 16. h3 Qa5 17. Ne5 g6 18. Bh6 Rfe8 19. Nxf7 Bf8 20. Bxf8 Nxf8 21. Ne5 Rad8 22. Bb1 Qc7 23. Qf3 Qg7 24. Re2 N8d7 25. Nd3 Nb6 26. Ne5 Nbd7 27. Rde1 Nxe5 28. Rxe5 Rxd4 29. Ba2 Nd7 30. Rxe6 Rxe6 31. Rxe6 Qf7 32. Qe2 Rd1+ 33. Kh2 Ra1 34. Bb3 Nf8 35. Re7 Qf4+ 36. g3 Qf6 37. c5+ Kh8 38. Rf7 Qxf7 39. Bxf7 Kg7 40. Bc4 Rb1 41. b4 h5 42. Qe7+ Kh6 43. Qxf8+ Kh7 44. Qg8+ Kh6 45. h4 g5 46. Qxg5+ 1-0

[Event "Titled Tuesday intern op 06th Aug Late"]
[Site "Chess.com INT"]
[Date "2024.08.06"]
[Round "2"]
[White "Hernandez Bonilla, Amelia"]
[Black "Roberson, Peter T"]
[Result "0-1"]
[WhiteElo "1976"]
[BlackElo "2425"]
[PlyCount "116"]
[EventDate "2024.08.06"]
[EventType "swiss (blitz)"]
[EventRounds "11"]
[EventCountry "USA"]
[SourceTitle "EXT 2025"]
[Source "ChessBase"]
[SourceDate "2024.10.14"]
[SourceVersion "1"]
[SourceVersionDate "2024.10.14"]
[SourceQuality "1"]

1. d4 c5 2. d5 g6 3. Nc3 Bg7 4. e4 d6 5. Bf4 Nf6 6. Nf3 0-0 7. Be2 Nh5 8. Be3 e6 9. 0-0 exd5 10. exd5 Re8 11. a4 Bg4 12. Nd2 Bxe2 13. Qxe2 Nd7 14. Rfe1 a6 15. Nc4 Ne5 16. Nd2 Rb8 17. a5 f5 18. Nf3 Ng4 19. Qd3 Nxe3 20. Rxe3 Nf4 21. Rxe8+ Qxe8 22. Qd2 Bh6 23. Qe1 Bg7 24. g3 Bxc3 25. bxc3 Nxd5 26. Qd2 Qc6 27. Rd1 Ne7 28. Qxd6 Re8 29. Ne5 Qxd6 30. Rxd6 Nc8 31. Rd5 b6 32. axb6 Nxb6 33. Rxc5 Ra8 34. Nc4 Nd7 35. Ra5 Rc8 36. Ra4 Rc6 37. Kf1 Nc5 38. Ra3 Ne4 39. Ne5 Rxc3 40. Rxa6 Rxc2 41. Ra8+ Kg7 42. Ra7+ Kf6 43. Nd3 h5 44. Ra6+ Kg7 45. f3 Nd2+ 46. Kg2 Nc4+ 47. Kf1 Ne3+ 48. Ke1 Rxh2 49. Nf4 Ng2+ 50. Nxg2 Rxg2 51. Ra7+ Kh6 52. Kf1 Rxg3 53. Kf2 h4 54. Ra8 Kg5 55. Rh8 Rh3 56. Kg2 Rg3+ 57. Kf2 f4 58. Rh7 h3 0-1

[Event "Titled Tuesday intern op 06th Aug Late"]
[Site "Chess.com INT"]
[Date "2024.08.06"]
[Round "6"]
[White "Momunaliev, Ruslan"]
[Black "Hernandez Bonilla, Amelia"]
[Result "1-0"]
[WhiteElo "2023"]
[BlackElo "1976"]
[PlyCount "79"]
[EventDate "2024.08.06"]
[EventType "swiss (blitz)"]
[EventRounds "11"]
[EventCountry "USA"]
[SourceTitle "EXT 2025"]
[Source "ChessBase"]
[SourceDate "2024.10.14"]
[SourceVersion "1"]
[SourceVersionDate "2024.10.14"]
[SourceQuality "1"]

1. g3 d5 2. f4 c5 3. Bg2 Nc6 4. Nf3 Bg4 5. 0-0 Nf6 6. d3 Bxf3 7. Bxf3 e5 8. Nc3 Be7 9. e4 d4 10. Ne2 0-0 11. b3 Rc8 12. Bd2 b5 13. a4 a6 14. g4 c4 15. f5 cxd3 16. cxd3 Nb4 17. Bxb4 Bxb4 18. Ng3 Nd7 19. Kh1 Qh4 20. Rg1 Rc7 21. g5 Rfc8 22. Ra2 Qxg5 23. Nh5 Qh4 24. Rxg7+ Kf8 25. Rg1 Rc1 26. Qxc1 Rxc1 27. Rxc1 Bc3 28. axb5 axb5 29. Ng3 Qf4 30. Kg2 Qxc1 31. Be2 Nc5 32. Ra7 Ke8 33. Kh3 Nxb3 34. Bh5 Qh6 35. Kg2 Qd2+ 36. Kh3 Qxd3 37. Rxf7 Kd8 38. f6 Nc5 39. Kg4 Ne6 40. Kf5 1-0

[Event "Titled Tuesday intern op 06th Aug Late"]
[Site "Chess.com INT"]
[Date "2024.08.06"]
[Round "3"]
[White "Ozalp, Burak"]
[Black "Hernandez Bonilla, Amelia"]
[Result "1-0"]
[WhiteElo "2059"]
[BlackElo "1976"]
[PlyCount "43"]
[EventDate "2024.08.06"]
[EventType "swiss (blitz)"]
[EventRounds "11"]
[EventCountry "USA"]
[SourceTitle "EXT 2025"]
[Source "ChessBase"]
[SourceDate "2024.10.14"]
[SourceVersion "1"]
[SourceVersionDate "2024.10.14"]
[SourceQuality "1"]

1. Nf3 d5 2. d3 c5 3. Nbd2 Nf6 4. e4 e6 5. g3 Nc6 6. Bg2 Be7 7. 0-0 0-0 8. e5 Nd7 9. Re1 b5 10. Nf1 Qc7 11. Bf4 Bb7 12. h4 d4 13. h5 h6 14. N1h2 Nb6 15. Qd2 Kh7 16. Ng4 Nd5 17. Bxh6 gxh6 18. Qxh6+ Kg8 19. Ng5 Bxg5 20. Qxg5+ Kh8 21. Qh6+ Kg8 22. Bxd5 1-0

[Event "Titled Tuesday intern op 06th Aug Early"]
[Site "Chess.com INT"]
[Date "2024.08.06"]
[Round "3"]
[White "Pang, Ethan"]
[Black "Hernandez Bonilla, Amelia"]
[Result "1-0"]
[WhiteElo "2266"]
[BlackElo "1976"]
[PlyCount "95"]
[EventDate "2024.08.06"]
[EventType "swiss (blitz)"]
[EventRounds "11"]
[EventCountry "USA"]
[SourceTitle "EXT 2025"]
[Source "ChessBase"]
[SourceDate "2024.10.14"]
[SourceVersion "1"]
[SourceVersionDate "2024.10.14"]
[SourceQuality "1"]

1. e4 c5 2. Nc3 Nc6 3. d3 d6 4. Be3 g6 5. d4 cxd4 6. Bxd4 Nxd4 7. Qxd4 Nf6 8. e5 dxe5 9. Bb5+ Bd7 10. Qxe5 Qc8 11. Rd1 Bc6 12. Nf3 Bg7 13. 0-0 0-0 14. Bxc6 Qxc6 15. Qxe7 Rfe8 16. Qd6 Rac8 17. Qxc6 Rxc6 18. Rfe1 Kf8 19. Kf1 Rb6 20. Na4 Rb4 21. b3 b5 22. Nc5 Rc8 23. a3 Rf4 24. Nd7+ Nxd7 25. Rxd7 Bb2 26. Re2 a5 27. Rd5 b4 28. a4 Ra8 29. Ne5 Rf6 30. Nd7+ Kg7 31. Nxf6 Kxf6 32. f4 h6 33. g3 g5 34. fxg5+ hxg5 35. Rf2+ Kg6 36. Re2 Bc3 37. Kg2 g4 38. Re4 f5 39. Re6+ Kg5 40. Re2 Ra7 41. Rf2 Rf7 42. Rxa5 Bd4 43. Re2 Rc7 44. Rd5 Bb6 45. a5 Ba7 46. Red2 Re7 47. Kf1 Be3 48. Re2 1-0

[Event "Titled Tuesday intern op 30th Jul Late"]
[Site "Chess.com INT"]
[Date "2024.07.30"]
[Round "8"]
[White "Garcia Correa, Jose Ricardo"]
[Black "Hernandez Bonilla, Amelia"]
[Result "0-1"]
[WhiteElo "2103"]
[BlackElo "1976"]
[PlyCount "58"]
[EventDate "2024.07.30"]
[EventType "swiss (blitz)"]
[EventRounds "11"]
[EventCountry "USA"]
[SourceTitle "EXT 2025"]
[Source "ChessBase"]
[SourceDate "2024.10.14"]
[SourceVersion "1"]
[SourceVersionDate "2024.10.14"]
[SourceQuality "1"]

1. e4 c5 2. Nf3 d6 3. d4 cxd4 4. Nxd4 Nf6 5. Nc3 Nc6 6. Nb3 e5 7. Be3 Be7 8. Be2 0-0 9. 0-0 a5 10. a4 Nb4 11. f3 d5 12. exd5 Nbxd5 13. Nxd5 Nxd5 14. Bf2 Bf5 15. c3 Nf4 16. Re1 Qc7 17. Bf1 Rad8 18. Qc1 Bd3 19. Qe3 Bxf1 20. Rxf1 Rd3 21. Qb6 Qxb6 22. Bxb6 Bd8 23. Bxd8 Rfxd8 24. Nxa5 Rd2 25. Nxb7 Rxg2+ 26. Kh1 Rdd2 27. Rfd1 Rxh2+ 28. Kg1 Rdg2+ 29. Kf1 Rh1# 0-1

[Event "Swiss Queens Wed #25"]
[Site "FIDE Online Arena INT"]
[Date "2024.07.17"]
[Round "4"]
[White "Hernandez Bonilla, Amelia"]
[Black "Avramidou, Anastasia"]
[Result "0-1"]
[WhiteElo "1976"]
[BlackElo "2296"]
[PlyCount "88"]
[EventDate "2024.07.17"]
[EventType "swiss (blitz)"]
[EventRounds "11"]
[EventCountry "NET"]
[SourceTitle "CBM 221 Extra"]
[Source "ChessBase"]
[SourceDate "2024.09.30"]
[SourceVersion "1"]
[SourceVersionDate "2024.09.30"]
[SourceQuality "1"]

1. d4 Nf6 2. Bf4 d6 3. Nc3 g6 4. e4 Bg7 5. Qd2 a6 6. Bh6 Bxh6 7. Qxh6 Nc6 8. 0-0-0 e5 9. dxe5 Nxe5 10. f3 Be6 11. Nge2 Qe7 12. Nd4 0-0-0 13. Kb1 Kb8 14. Be2 c5 15. Nb3 Nc6 16. Rhe1 Bxb3 17. axb3 Nd4 18. Bc4 Rhe8 19. Ne2 Nxe2 20. Rxe2 b5 21. Bd5 Rf8 22. Red2 Kc7 23. Qf4 Qe5 24. Qg3 Qxg3 25. hxg3 h5 26. c3 Rd7 27. Kc2 Re8 28. Ra1 Kb6 29. Rdd1 Re5 30. c4 b4 31. f4 Ree7 32. Re1 a5 33. Re2 Nxd5 34. cxd5 f6 35. Kd3 Kb5 36. Ree1 Ra7 37. Ra4 Rec7 38. Rea1 Re7 39. Re1 g5 40. Rh1 h4 41. gxh4 gxf4 42. Rf1 Rg7 43. Rf2 Rg3+ 44. Kc2 c4 0-1

[Event "Swiss Queens Wed #25"]
[Site "FIDE Online Arena INT"]
[Date "2024.07.17"]
[Round "1"]
[White "Zhuravleva, Olga"]
[Black "Hernandez Bonilla, Amelia"]
[Result "1/2-1/2"]
[WhiteElo "2278"]
[BlackElo "1976"]
[PlyCount "115"]
[EventDate "2024.07.17"]
[EventType "swiss (blitz)"]
[EventRounds "11"]
[EventCountry "NET"]
[SourceTitle "CBM 221 Extra"]
[Source "ChessBase"]
[SourceDate "2024.09.30"]
[SourceVersion "1"]
[SourceVersionDate "2024.09.30"]
[SourceQuality "1"]

1. e4 c5 2. Nf3 d6 3. d4 cxd4 4. Nxd4 Nf6 5. Nc3 Nc6 6. Nb3 e5 7. Bd3 h6 8. 0-0 Be7 9. Kh1 0-0 10. f4 exf4 11. Bxf4 Be6 12. Qe2 Ne5 13. Rae1 a6 14. Nd4 Bd7 15. Nd5 Nxd5 16. exd5 Bf6 17. Bf5 Re8 18. Qf2 Nc4 19. Rxe8+ Qxe8 20. Bxd7 Qxd7 21. c3 Be5 22. Bxe5 Nxe5 23. Nf5 Kh7 24. Qf4 Rc8 25. Ne3 b5 26. h3 Rc5 27. Qd4 a5 28. Rf5 Nc4 29. Rf2 Nxe3 30. Qxe3 Qb7 31. Qe4+ g6 32. Qf4 Qxd5 33. Qxf7+ Qxf7 34. Rxf7+ Kg8 35. Rd7 Rd5 36. Rb7 a4 37. Kh2 Kf8 38. Kg3 h5 39. Kf4 Rf5+ 40. Ke4 Ke8 41. g4 Re5+ 42. Kd4 Kd8 43. Rg7 hxg4 44. hxg4 Rg5 45. Rb7 Rxg4+ 46. Kd5 Kc8 47. Rg7 b4 48. cxb4 Rxb4 49. Kc6 Kb8 50. Rxg6 Rxb2 51. Rxd6 Rxa2 52. Kb5 a3 53. Ra6 Rb2+ 54. Kc4 a2 55. Kc3 Rh2 56. Kb3 Kb7 57. Rxa2 Rxa2 58. Kxa2 1/2-1/2

[Event "Titled Tuesday intern op 16th Jul Early"]
[Site "Chess.com INT"]
[Date "2024.07.16"]
[Round "8"]
[White "Dmitrenko, Viktor"]
[Black "Hernandez Bonilla, Amelia"]
[Result "1-0"]
[WhiteElo "2395"]
[BlackElo "1976"]
[PlyCount "67"]
[EventDate "2024.07.16"]
[EventType "swiss (blitz)"]
[EventRounds "11"]
[EventCountry "USA"]
[SourceTitle "EXT 2025"]
[Source "ChessBase"]
[SourceDate "2024.10.14"]
[SourceVersion "1"]
[SourceVersionDate "2024.10.14"]
[SourceQuality "1"]

1. e4 c5 2. Nf3 d6 3. Bb5+ Nd7 4. 0-0 Ngf6 5. Re1 a6 6. Bxd7+ Bxd7 7. c3 g6 8. d4 cxd4 9. cxd4 Bg4 10. Nc3 Bg7 11. h3 Bxf3 12. Qxf3 0-0 13. a4 Nd7 14. Be3 Rb8 15. Qe2 Qa5 16. Nd5 e6 17. b4 Qd8 18. Nc3 Qh4 19. Rec1 Rfc8 20. Rc2 b5 21. axb5 axb5 22. Ra5 Rc6 23. Nxb5 Qxe4 24. Rxc6 Qxc6 25. Na7 Qb6 26. Kh2 d5 27. Ra6 Qxb4 28. Nc6 Qd6+ 29. g3 Rc8 30. Bf4 Qf8 31. Qb5 Nb8 32. Nxb8 Bxd4 33. Nd7 Qe7 34. Ne5 1-0

[Event "Titled Tuesday intern op 16th Jul Early"]
[Site "Chess.com INT"]
[Date "2024.07.16"]
[Round "2"]
[White "Javornik, Nik"]
[Black "Hernandez Bonilla, Amelia"]
[Result "0-1"]
[WhiteElo "2180"]
[BlackElo "1976"]
[PlyCount "100"]
[EventDate "2024.07.16"]
[EventType "swiss (blitz)"]
[EventRounds "11"]
[EventCountry "USA"]
[SourceTitle "EXT 2025"]
[Source "ChessBase"]
[SourceDate "2024.10.14"]
[SourceVersion "1"]
[SourceVersionDate "2024.10.14"]
[SourceQuality "1"]

1. e4 c5 2. Nc3 Nc6 3. Bb5 Nd4 4. Nf3 Nxb5 5. Nxb5 d6 6. 0-0 Nf6 7. Nc3 g6 8. d4 cxd4 9. Qxd4 Bg7 10. Bg5 0-0 11. Qd2 Bg4 12. Nd4 Re8 13. h3 Bd7 14. Rfe1 a6 15. Nd5 Nxd5 16. exd5 Qb6 17. c3 Bf8 18. a4 Rac8 19. a5 Qc5 20. Nf3 Bb5 21. Rad1 Bc4 22. b4 Qc7 23. Qf4 Bb3 24. Rd3 Qc4 25. Qe3 Bc2 26. Rd2 Qxc3 27. Qxc3 Rxc3 28. Rc1 Rec8 29. Re2 f6 30. Bd2 R3c4 31. Ree1 Be4 32. Rxc4 Rxc4 33. Rc1 Rxc1+ 34. Bxc1 Bxd5 35. Nd4 e5 36. Nc2 Bb3 37. Ne3 d5 38. Bd2 d4 39. Ng4 Kf7 40. f3 h5 41. Nh2 Ke6 42. Kf2 Kd5 43. Nf1 Kc4 44. g4 Bxb4 45. gxh5 gxh5 46. Bc1 Kc3 47. Ng3 Bf7 48. Bh6 d3 49. Ke3 Bc5+ 50. Ke4 d2 0-1

[Event "Titled Tuesday intern op 16th Jul Early"]
[Site "Chess.com INT"]
[Date "2024.07.16"]
[Round "5"]
[White "Rahman, Adel"]
[Black "Hernandez Bonilla, Amelia"]
[Result "1-0"]
[WhiteElo "2273"]
[BlackElo "1976"]
[PlyCount "81"]
[EventDate "2024.07.16"]
[EventType "swiss (blitz)"]
[EventRounds "11"]
[EventCountry "USA"]
[SourceTitle "EXT 2025"]
[Source "ChessBase"]
[SourceDate "2024.10.14"]
[SourceVersion "1"]
[SourceVersionDate "2024.10.14"]
[SourceQuality "1"]

1. e4 c5 2. Nf3 d6 3. c3 Nf6 4. Bd3 Nc6 5. Bc2 g6 6. 0-0 Bg4 7. d3 Bg7 8. Nbd2 0-0 9. h3 Bxf3 10. Nxf3 b5 11. d4 Nd7 12. Re1 a5 13. a4 b4 14. Be3 Rb8 15. Bd3 bxc3 16. bxc3 cxd4 17. cxd4 Nb4 18. Bb5 Rc8 19. Rc1 Nb6 20. Rxc8 Qxc8 21. Qd2 Qc2 22. Rc1 Qxd2 23. Bxd2 Rc8 24. Rxc8+ Nxc8 25. Kf1 e6 26. Ke2 d5 27. e5 Bf8 28. Ne1 Be7 29. Nd3 Nb6 30. Nxb4 Bxb4 31. Bxb4 axb4 32. a5 Nc8 33. Kd2 f6 34. f4 fxe5 35. fxe5 Na7 36. Ba4 Kf7 37. Kc2 g5 38. g4 Kg6 39. Kb3 h5 40. Kxb4 hxg4 41. hxg4 1-0

[Event "Titled Tuesday intern op 09th Jul Early"]
[Site "Chess.com INT"]
[Date "2024.07.09"]
[Round "9"]
[White "Hernandez Bonilla, Amelia"]
[Black "Pein, Jonathan"]
[Result "0-1"]
[WhiteElo "1976"]
[BlackElo "2279"]
[PlyCount "108"]
[EventDate "2024.07.09"]
[EventType "swiss (blitz)"]
[EventRounds "11"]
[EventCountry "USA"]
[SourceTitle "EXT 2025"]
[Source "ChessBase"]
[SourceDate "2024.10.14"]
[SourceVersion "1"]
[SourceVersionDate "2024.10.14"]
[SourceQuality "1"]

1. d4 d5 2. Nf3 Nf6 3. e3 Bg4 4. c4 b6 5. Nc3 e6 6. Qa4+ Qd7 7. Qxd7+ Nbxd7 8. Ne5 Bb4 9. Nxg4 Bxc3+ 10. bxc3 Nxg4 11. cxd5 exd5 12. Bb5 Ngf6 13. Ba3 0-0-0 14. 0-0 Kb7 15. Be2 Ne4 16. Rfc1 Nd2 17. c4 Nxc4 18. Bxc4 dxc4 19. Rxc4 Nf6 20. Be7 Rd7 21. Bxf6 gxf6 22. a4 a5 23. Rb1 Rg8 24. g3 Rg5 25. h4 Rgd5 26. Kg2 c6 27. Rc5 Kc7 28. Rxd5 Rxd5 29. Kf3 b5 30. axb5 Rxb5 31. Ra1 Kb6 32. Ke4 f5+ 33. Kd3 Rb2 34. f3 Kb5 35. Rg1 a4 36. e4 a3 37. Ra1 Kb4 38. d5 fxe4+ 39. fxe4 Rb3+ 40. Kd4 c5+ 41. Ke5 Rd3 42. d6 c4 43. g4 Kb3 44. g5 Kb2 45. Re1 a2 46. h5 a1Q 47. Rxa1 Kxa1 48. g6 hxg6 49. hxg6 fxg6 50. Ke6 c3 51. e5 c2 52. Kf7 c1Q 53. e6 Qf4+ 54. Kxg6 Rxd6 0-1

[Event "Titled Tuesday intern op 02nd Jul Late"]
[Site "Chess.com INT"]
[Date "2024.07.02"]
[Round "7"]
[White "Cofre Archibold, Nestor"]
[Black "Hernandez Bonilla, Amelia"]
[Result "1-0"]
[WhiteElo "2226"]
[BlackElo "1976"]
[PlyCount "39"]
[EventDate "2024.07.02"]
[EventType "swiss (blitz)"]
[EventRounds "11"]
[EventCountry "USA"]
[SourceTitle "EXT 2025"]
[Source "ChessBase"]
[SourceDate "2024.10.14"]
[SourceVersion "1"]
[SourceVersionDate "2024.10.14"]
[SourceQuality "1"]

1. e4 c5 2. Nf3 d6 3. Bb5+ Nd7 4. d4 cxd4 5. Qxd4 Ngf6 6. Nc3 a6 7. Bxd7+ Bxd7 8. Bg5 e6 9. 0-0-0 Be7 10. e5 dxe5 11. Nxe5 Bc6 12. Nxc6 bxc6 13. Qe5 Qb6 14. Ne4 Nd5 15. Qxg7 Rf8 16. c4 Qb4 17. cxd5 Qxe4 18. d6 Bxg5+ 19. Qxg5 Rd8 20. Qe7# 1-0

[Event "Titled Tuesday intern op 02nd Jul Late"]
[Site "Chess.com INT"]
[Date "2024.07.02"]
[Round "5"]
[White "Ruiz Vazquez, Javier"]
[Black "Hernandez Bonilla, Amelia"]
[Result "0-1"]
[WhiteElo "2237"]
[BlackElo "1976"]
[PlyCount "136"]
[EventDate "2024.07.02"]
[EventType "swiss (blitz)"]
[EventRounds "11"]
[EventCountry "USA"]
[SourceTitle "EXT 2025"]
[Source "ChessBase"]
[SourceDate "2024.10.14"]
[SourceVersion "1"]
[SourceVersionDate "2024.10.14"]
[SourceQuality "1"]

1. e4 c5 2. Nc3 Nc6 3. Bb5 Nd4 4. Bc4 e6 5. Nge2 Nc6 6. 0-0 d6 7. d4 cxd4 8. Nxd4 Nf6 9. Bg5 Be7 10. Bb3 0-0 11. Nf3 a6 12. Qe2 Qc7 13. Rad1 b5 14. a3 Bb7 15. Rfe1 h6 16. Bh4 Rac8 17. Bg3 Nh5 18. Ba2 Nxg3 19. hxg3 Na5 20. Nd4 Nc4 21. Bxc4 Qxc4 22. Qe3 b4 23. axb4 Qxb4 24. Nb3 Bf6 25. Rd3 Rfd8 26. Red1 a5 27. Ra1 Bxc3 28. bxc3 Qxe4 29. Qxe4 Bxe4 30. Re3 Bxc2 31. Nxa5 d5 32. Ra3 Rd7 33. Re2 Bg6 34. Rb2 Rdc7 35. Rbb3 Bc2 36. Rb2 Rxc3 37. Raa2 Bg6 38. Nb7 Rc2 39. Nd6 Rxb2 40. Rxb2 Rc1+ 41. Kh2 Rc2 42. Rb8+ Kh7 43. f3 f6 44. Nb7 Rb2 45. g4 d4 46. Kg3 d3 47. f4 Be4 48. f5 exf5 49. Kf4 Rxb7 50. Rc8 Rd7 51. gxf5 d2 52. g4 d1Q 53. Rc3 Qd2+ 54. Re3 Qxe3+ 55. Kxe3 Bb1 56. Kf4 h5 57. g5 fxg5+ 58. Kxg5 Rf7 59. f6 gxf6+ 60. Kf4 h4 61. Kg4 f5+ 62. Kh5 f4 63. Kg5 f3 64. Kg4 f2 65. Kg5 f1Q 66. Kg4 Qf3+ 67. Kg5 Rf5+ 68. Kxh4 Rh5# 0-1

[Event "Swiss Queens Wed #22"]
[Site "FIDE Online Arena INT"]
[Date "2024.06.26"]
[Round "9"]
[White "Gomez Barrera, Javiera Belen"]
[Black "Hernandez Bonilla, Amelia"]
[Result "1-0"]
[WhiteElo "2209"]
[BlackElo "1976"]
[PlyCount "85"]
[EventDate "2024.06.26"]
[EventType "swiss (blitz)"]
[EventRounds "11"]
[EventCountry "NET"]
[SourceTitle "CBM 220 Extra"]
[Source "ChessBase"]
[SourceDate "2024.07.31"]
[SourceVersion "1"]
[SourceVersionDate "2024.07.31"]
[SourceQuality "1"]

1. e4 c5 2. Nf3 d6 3. d4 cxd4 4. Nxd4 Nf6 5. Nc3 Nc6 6. Bg5 e6 7. Qd2 a6 8. f4 Bd7 9. 0-0-0 b5 10. e5 dxe5 11. Nxc6 Bxc6 12. Qxd8+ Rxd8 13. Rxd8+ Kxd8 14. fxe5 h6 15. Bh4 g5 16. Bf2 Ng4 17. Bd4 Bg7 18. Be2 Nxe5 19. Bh5 Ke7 20. Bc5+ Kd7 21. Rd1+ Kc8 22. Re1 f5 23. Bd6 Nc4 24. Rxe6 Kd7 25. Rg6 Bxc3 26. Bc5 Bxb2+ 27. Kb1 Re8 28. Bb4 a5 29. Rxh6 axb4 30. Bxe8+ Kxe8 31. Rxc6 Bd4 32. Rg6 g4 33. h4 Ne3 34. g3 Nf1 35. Rg5 Nxg3 36. h5 Kf7 37. h6 Bf6 38. h7 Bg7 39. Kc1 f4 40. Rxg4 Nh5 41. Rg5 Nf6 42. Rf5 Kg6 43. Rxf4 1-0